Normal view
MARC view
Entry Personal Name
001 - CONTROL NUMBER
- control field: 7285
003 - CONTROL NUMBER IDENTIFIER
- control field: BD-RjUL
005 - DATE AND TIME OF LATEST TRANSACTION
- control field: 20230405114357.0
008 - FIXED-LENGTH DATA ELEMENTS
- fixed length control field: 230405|| aca||aabn | a|a d
040 ## - CATALOGING SOURCE
- Original cataloging agency: BD-RjUL
- Transcribing agency: BD-RjUL
100 ## - HEADING--PERSONAL NAME
- Personal name: চক্রবর্তী, জ্ঞান
670 ## - SOURCE DATA FOUND
- Source citation: Work cat.: (BD-RjUL)81328: চক্রবর্তী, জ্ঞান , ঢাকা জেলার কমিউনিস্ট আন্দোলনের অতীত যুগ /, ১৯৭২ [মুদ্রণ ১৯৮৭]